| 000 | 00691cam a22002293a 4500 | ||
|---|---|---|---|
| 001 | 40155 | ||
| 003 | PGUSA | ||
| 005 | 20140828083908.0 | ||
| 008 | 120707s2012||||xxu|||||s|||||000 | eng d | ||
| 040 |
_aPGUSA _beng |
||
| 042 | _adc | ||
| 100 | 1 | _aLimburg-Brouwer, P. A. S. van | |
| 245 | 1 | 0 |
_aAkbar : _bAn Eastern Romance _h[electronic resource] / _cP. A. S. van Limburg-Brouwer |
| 260 |
_bProject Gutenberg, _c2012 |
||
| 506 | _aPublic domain in the USA. | ||
| 516 | _aElectronic text | ||
| 700 | 1 | _aM. M. | |
| 700 | 1 |
_aMarkham, Clements R., _cSir _q(Clements Robert), _d1830-1916 |
|
| 830 | 0 |
_aProject Gutenberg _v40155 |
|
| 856 | 4 | 0 | _uhttp://www.gutenberg.org/ebooks/40155 |
| 942 | _cEB | ||
| 999 |
_c269408 _d269408 |
||